00000000nam 2200000zi 4500
0019.930526
003CaOODSP
00520250916111851
006m     o  d f      
007cr cn|||||||||
008231120t20232023quc     o    f000 0 eng d
020 |a9780660688961
040 |aCaOODSP|beng|erda|cCaOODSP
043 |an-cn---
0861 |aTT4-50/8-2023E-PDF
24500|aPersonnel training for the assistance of travellers with disabilities : |ba guide.
264 1|a[Gatineau, Quebec] : |bCanadian Transportation Agency = Office des transports du Canada, |c2023.
264 4|c©2023
300 |a1 online resource (21 pages)
336 |atext|btxt|2rdacontent
337 |acomputer|bc|2rdamedia
338 |aonline ressource|bcr|2rdacarrier
500 |aIssued also in French under title: Guides sur les transports accessibles : formation du personnel en matière d’aide aux voyageurs handicapés.
520 |a"This guide explains the obligations of transportation service providers covered by the Accessible Transportation for Persons with Disabilities Regulations (ATPDR), regarding the development and implementation of training programs in respect of persons with disabilities"--page 3.
650 0|aPeople with disabilities|xTransportation|zCanada.
650 0|aPeople with disabilities|xServices for|zCanada.
650 0|aTransport workers|xTraining of|zCanada.
7102 |aCanadian Transportation Agency, |eissuing body.
77508|tGuide sur la formation du personnel en matière d’aide aux voyageurs handicapés.|w(CaOODSP)9.930527
7760#|tPersonnel training for the assistance of travellers with disabilities : |w(CaOODSP)9.954415
795 |tAccessible transportation : |w(CaOODSP)9.887667
85640|qPDF|sKB|uhttps://publications.gc.ca/collections/collection_2024/otc-cta/TT4-50-8-2023-eng.pdf
8564 |qHTML|sN/A|uhttps://otc-cta.gc.ca/eng/publication/personnel-training-assistance-travellers-disabilities-a-guide